Mercado de la conservación (Registro nro. 15927)
[ vista simple ]
| 000 -CABECERA | |
|---|---|
| Campo de control | 004480000a22001330004500 |
| 090 ## - CLASIFICACIÓN LOCAL | |
| Colección | AS |
| Consecutivo | Seriadas |
| 041 0# - IDIOMA | |
| Código de idioma para texto/pista de sonido o título separado | |
| 100 1# - ASIENTO PRINCIPAL--NOMBRE PERSONAL | |
| Nombre personal | Hernández Pérez, Sarah |
| 245 10 - MENCION DE TITULO | |
| Título | Mercado de la conservación |
| Version | marco conceptual para el diseño de incentivos a la conservación de la biodiversidad |
| 700 1# - ASIENTO SECUNDARIO - NOMBRE PERSONAL | |
| Nombre personal | Cárdenas, Juan Camilo |
| 700 1# - ASIENTO SECUNDARIO - NOMBRE PERSONAL | |
| Nombre personal | Baptiste, Luis Guillermo |
| 773 1# - Item fuente: | |
| Título | Biosintesis |
| Descripción física | 14 |
| Paginas del Articulo | 1-4 |
| Lugar, editorial y fecha de publicación | 1999 |
| 942 ## - ELEMENTOS ADICIONALES (KOHA) | |
| Tipo de ítem | Artículo |
No hay ítems disponibles.